Normal view MARC view
  • Internet

Entry Topical Term

Number of records used in: 3

001 - CONTROL NUMBER

  • control field: 90006

003 - CONTROL NUMBER IDENTIFIER

  • control field: NUST

005 - DATE AND TIME OF LATEST TRANSACTION

  • control field: 20220301120414.0

008 - FIXED-LENGTH DATA ELEMENTS

  • fixed length control field: 220301|| aca||aabn | a|a d

040 ## - CATALOGING SOURCE

  • Original cataloging agency: NUST
  • Transcribing agency: NUST

150 ## - HEADING--TOPICAL TERM

  • Topical term or geographic name entry element: Internet
  • General subdivision: Law and legislation
  • Geographic subdivision: Great Britain

670 ## - SOURCE DATA FOUND

  • Source citation: Work cat.: (NUST)0: Todd, Paul, 1954- 90003, E-commerce law /, 2005.
© 2023 Central Library, National University of Sciences and Technology. All Rights Reserved.